|
|
|
|
| LEADER |
01122nam a2200277 a 4500 |
| 001 |
150 |
| 003 |
BD-DhAAL |
| 008 |
091226s1975 maua b 001 0 eng d |
| 999 |
|
|
|c 6444
|d 6444
|
| 010 |
|
|
|a 74084837
|
| 020 |
|
|
|a 0878720774
|
| 040 |
|
|
|a DLC
|c DLC
|d DLC
|d BD-DhAAL
|
| 082 |
0 |
0 |
|a 519.5
|2 22
|
| 100 |
1 |
|
|a Mendenhall, William.
|9 40013
|
| 245 |
1 |
0 |
|a Introduction to probability and statistics /
|c William Mendenhall.
|
| 250 |
|
|
|a Fourth edition
|
| 260 |
|
|
|a North Scltuate [i.e. Scituate] Mass. :
|b Duxbury Press,
|c c1975
|
| 300 |
|
|
|a xiii, 460 pages :
|b illustrations ;
|c 25 cm.
|
| 500 |
|
|
|a First ed. published in 1963 under title: Introduction to statistics.
|
| 504 |
|
|
|a Includes bibliographical references and index.
|
| 541 |
1 |
|
|e 00000150
|
| 650 |
|
0 |
|a Mathematical statistics.
|9 40014
|
| 650 |
|
0 |
|a Probabilities.
|9 40015
|
| 852 |
4 |
|
|a Ayesha Abed Library
|j General Stacks
|
| 942 |
0 |
0 |
|0 1
|2 ddc
|c BK
|
| 952 |
|
|
|0 0
|1 0
|2 ddc
|4 0
|6 519_200000000000000_MEN_1975
|7 0
|9 6518
|a BRACUL
|b BRACUL
|c GEN
|d 2009-12-27
|g 0.00
|l 17
|m 98
|o 519.2 MEN
|p 3010000150
|r 2024-03-18
|s 2024-03-10
|t 1
|w 2009-12-27
|y BK
|x No price found in the accession register.
|